Fizika.Əsas fiziki kəmiyyətlər,qanunlar,düsturlar,qrafiklər. (Record no. 57)

MARC details
000 -LEADER
fixed length control field 00335nam a2200121Ia 4500
005 - DATE AND TIME OF LATEST TRANSACTION
control field 20260213061945.0
008 - FIXED-LENGTH DATA ELEMENTS--GENERAL INFORMATION
fixed length control field 260210s9999||||xx |||||||||||||| ||und||
050 ## - LIBRARY OF CONGRESS CALL NUMBER
Classification number QC20.85.Ab331 2018
100 ## - MAIN ENTRY--PERSONAL NAME
Personal name Abdullayev, Sərhəddin
245 #0 - TITLE STATEMENT
Title Fizika.Əsas fiziki kəmiyyətlər,qanunlar,düsturlar,qrafiklər.
264 ## - PRODUCTION, PUBLICATION, DISTRIBUTION, MANUFACTURE, AND COPYRIGHT NOTICE
Date of production, publication, distribution, manufacture, or copyright notice  2018
650 ## - SUBJECT ADDED ENTRY--TOPICAL TERM
Topical term or geographic name entry element Fizika

No items available.